Emerging Horizons: (Record no. 197609)

MARC details
000 -LEADER
fixed length control field 00528nam a22001697a 4500
005 - DATE AND TIME OF LATEST TRANSACTION
control field 20230912162632.0
010 ## - LCCN (DPL NO)
LC control number ENG-137886
020 ## - INTERNATIONAL STANDARD BOOK NUMBER
International Standard Book Number 9789390670246
Terms of availability 450.00
035 ## - SYSTEM CONTROL NUMBER
System control number EN-121418
037 ## - SOURCE OF ACQUISITION
Source of stock number/acquisition DBAD/PUB
082 ## - DEWEY DECIMAL CLASSIFICATION NUMBER
Classification number 881
245 ## - TITLE STATEMENT
Title Emerging Horizons:
Remainder of title An Anthology of English Poetry /
Statement of responsibility, etc Ed. by Ravi Ranganathan
260 ## - PUBLICATION, DISTRIBUTION, ETC. (IMPRINT)
Place of publication, distribution, etc Haryana
Name of publisher, distributor, etc Earth Vision Publications
Date of publication, distribution, etc 2021
270 ## - ADDRESS
Address H-23,/16, DLF, Phase 1, Gurugram
City New Delhi
Postal code 122002
300 ## - PHYSICAL DESCRIPTION
Extent 67p.
Dimensions 22cm(pbk)
942 ## - ADDED ENTRY ELEMENTS (KOHA)
Source of classification or shelving scheme Dewey Decimal Classification
Item type English Books
Classification part 881
Call number suffix EME
Holdings
Withdrawn status Lost status Not for loan Collection code Home library Current library Date acquired Source of acquisition Cost, normal purchase price Full call number Barcode Copy number Cost, replacement price Koha item type
    Not For Loan Non-fiction D.B.Act.Division Central Library 30/08/2023 DBAD/PUB 450.00 881 EME EN-121418 1 450.00 English Books

© Delhi Public Library
Hit Counter
free hit counter